000 00659nam a22001937a 4500
005 20251108164030.0
008 250721s1998 xx 000 0 ara d
082 1 4 _a306.2/هنط
100 1 _aأبو هنطش، محمد فايز
245 1 0 _aعلم الإجتماع السياسي :
_bقضايا العنف و الحرب و السلام /
264 1 _aعمان :
_bدار المستقبل للنشر و التوزيع،
_c1998.
300 _a425ص
650 1 7 _aعلم الإجتماع السياسي
650 1 7 _aالحرب
650 1 7 _aالعلوم السياسية
650 1 7 _aالسلوك السياسي
942 _2ddc
_cBK
999 _c1904
_d1904